000 00850nam a22002897a 4500
003 CHAP
005 20220329140645.0
008 971013s1978 r 00010 d
010 _a55472
011 _a56444
035 _a60597
040 _cCHAP
082 _a591.51
_bS2Y
110 _aScientific American
_9103326
245 _aComportamiento animal
260 _aMadrid :
_bBlume,
_c1978
300 _a404 p.
_b: ilus. ; gráfs.
590 _aBATCH-UPD
_b10
_c20130110
_lUCH01
_h1909
590 _aBATCH-UPD
_b10
_c20130410
_lUCH01
_h1236
590 _aBATCH-UPD
_b10
_c20130914
_lUCH01
_h1248
590 _aCONVERSION
_b10
_c20130109
_lUCH01
_h1330
650 1 4 _aAnimales
_xHabitos y conducta.
_95865
650 1 4 _aEcología animal.
_935170
901 _aBK
942 _cLIBRO
949 _a591.51 S2Y
_bBC
_cLIBRO
_d-130535
_eLIBRO
_h12529
_i60597
_si
999 _c55472
_d55472